00637cam a22001813a 450000100060000000300060000600500170001200800410002904000150007004200070008510000230009224501900011526000290030550600300033451600200036483000290038485600420041344516PGUSA20140828084021.0131226s2013||||xxu|||||s|||||000 | eng d aPGUSAbeng adc1 aBroadbridge, James10aReport on the Plans of the Various Railways before the Examiners of the House of Commons, 1864, so far as relates to the Parish of Kensingtonh[electronic resource] /cJames Broadbridge bProject Gutenberg,c2013 aPublic domain in the USA. aElectronic text 0aProject Gutenbergv4451640uhttp://www.gutenberg.org/ebooks/44516